| 000 | 01310cam a2200301 4500 | ||
|---|---|---|---|
| 001 | ##L127341 | ||
| 008 | 040913n2004 000 0 eng u | ||
| 020 | _a1901171264 | ||
| 035 | _a(Sirsi) u127341 | ||
| 041 | 0 | _aeng | |
| 050 | 0 | 4 | _a692.8 $2 18 |
| 110 | 2 |
_aAssociation of Consultant Architects _91156 |
|
| 240 | 0 | 0 | _aSpecialist Contract 2000 |
| 245 | 0 | 0 |
_aSPC2000 _bACA Standard Form of Specialist Contract for Project Partnering _bamended 2004 |
| 250 | _aRev. ed. | ||
| 260 |
_aBromley _bACA _c2004 |
||
| 300 |
_ax, 44p. _c30cm. |
||
| 350 | _a16 | ||
| 490 | 0 |
_aACA Standard Form of Specialist Contract for Project Partnering (2000 Edition) _v2004 Amendment |
|
| 520 | _aSpecialist Contract for Project Partnering (amended 2004), intended for use with PPC2000, the ACA Standard Form of Contract for Project Partnering. It should be utilised with the support of experienced legal and/or other professional advice on its implementation. | ||
| 650 | 2 | 4 | _aACA STANDARD FORM OF SPECIALIST CONTRACT FOR PROJECT PARTNERING (2000 EDITION) (2004 AMENDMENT) |
| 650 | 2 | 4 | _aACA STANDARD FORM OF CONTRACT FOR PROJECT PARTNERING (2000 EDITION) |
| 651 | 4 |
_aUnited Kingdom _y |
|
| 690 | _aBUILT ENVIRONMENT-BUILDING CONTRACT FORMS | ||
| 700 | 1 | _aMosey, David | |
| 700 | 1 | _aMorrish, Charles | |
| 942 | _n0 | ||
| 999 |
_c103745 _d103745 |
||